Top 20 Wimbledon Men's Players in Open Era - Statistics

General Stats
  • This quiz has been taken 511 times
    129 since last reset
  • The average score is 15 of 20
Answer Stats
# Player Country Points % Correct
2 Novak Djokovic Serbia 71
100%
1 Roger Federer Switzerland 77
100%
8 Rafael Nadal Spain 35
97%
9 Andy Murray United Kingdom 35
96%
7 Björn Borg Sweden 38
90%
12 Andre Agassi United States 25
86%
4 Pete Sampras United States 48
85%
5 Boris Becker Germany 45
80%
6 John McEnroe United States 39
80%
3 Jimmy Connors United States 51
73%
13 Ivan Lendl Czechoslovakia 25
70%
16 Lleyton Hewitt Australia 19
67%
10 Stefan Edberg Sweden 28
67%
20 Carlos Alcaraz Spain 17
64%
18 Andy Roddick United States 18
63%
11 Goran Ivanišević Croatia 27
63%
15 John Newcombe Australia 20
46%
14 Tim Henman United Kingdom 21
46%
19 Tomáš Berdych Czech Republic 18
46%
17 Stan Smith United States 18
32%
No matching quizzes found
Score Distribution
Percent of People with Each Score
Percentile by Number Answered
Your Score History
You have not taken this quiz since the last reset